| 000 | 01495cam a2200361 a 4500 | ||
|---|---|---|---|
| 090 | _c10105 | ||
| 001 | 1581515 | ||
| 005 | 20020828200510.0 | ||
| 008 | 931230s1995 enka b 001 0 eng | ||
| 010 | _a 93051254 | ||
| 020 | _a0521452872 (hardback) | ||
| 040 |
_aDLC _cDLC _dDLC |
||
| 043 | _ae-it--- | ||
| 050 | 0 | 0 |
_aHD5383 _b.F73 1994 |
| 082 | 0 | 0 |
_a331.8929 _220 _bFRA |
| 100 | 1 | _aFranzosi, Roberto. | |
| 245 | 1 | 4 |
_aThe puzzle of strikes : _bclass and state strategies in postwar Italy / _cRoberto Franzosi. |
| 260 |
_aCambridge [England] ; _aNew York : _bCambridge University Press, _cc.1995. |
||
| 300 |
_axxv, 502 p. : _bill. ; _c24 cm. |
||
| 440 | 0 | _aCambridge studies in comparative politics | |
| 504 | _aIncludes bibliographical references (p. [449]-484) and index. | ||
| 650 | 0 |
_aStrikes and lockouts _zItaly. |
|
| 650 | 0 |
_aLabor market _zItaly. |
|
| 650 | 0 |
_aLabor policy _zItaly. |
|
| 650 | 0 |
_aCollective bargaining _zItaly. |
|
| 651 | 0 |
_aItaly _xEconomic conditions _y1945- |
|
| 856 | 4 | 2 |
_3Publisher description _uhttp://www.loc.gov/catdir/description/cam026/93051254.html |
| 856 | 4 | 1 |
_3Table of contents _uhttp://www.loc.gov/catdir/toc/cam026/93051254.html |
| 906 |
_a7 _bcbc _corignew _d1 _eocip _f19 _gy-gencatlg |
||
| 942 |
_2ddc _cARCH |
||
| 999 |
_c10105 _d10105 |
||